[Event "Classics GM"]
[Site "Gausdal NOR"]
[Date "2001.04.17"]
[Round "3"]
[White "Elsness,F"]
[Black "Hanley,C"]
[Result "1/2-1/2"]
[WhiteElo "2412"]
[BlackElo "2306"]

1.d4 d5 2.c4 c6 3.Nf3 Nf6 4.Nc3 dxc4 5.a4 Bf5 6.e3 e6 7.Bxc4 Bb4 8.O-O O-O
9.Nh4 Nbd7 10.f3 Bg6 11.Nxg6 hxg6 12.e4 e5 13.Be3 Qb6 14.Kh1 Rad8 15.Ne2 exd4
16.Bxd4 Bc5 17.a5 Qc7 18.Bxc5 Nxc5 19.Qc2 Qe5 20.Rad1 g5 21.b4 Ne6 22.a6 bxa6
23.Bxe6 fxe6 24.Qxc6 g4 25.Qc3 Qxc3 26.Nxc3 Rc8 27.Na4 Rc4 28.Nc5 a5 29.Nxe6 Re8
30.Rd4 Rxb4 31.Rd8 Rxd8 32.Nxd8 a4 33.Kg1 a3 34.Ra1 gxf3 35.Rxa3 Rb1+ 36.Kf2 fxg2
37.Kxg2 Nxe4 38.Rxa7  1/2-1/2

[Event "Israel Open Ch"]
[Site "Tel Aviv ISR"]
[Date "2001.04.17"]
[Round "9"]
[White "Lerner,K"]
[Black "Bykhovsky,Av"]
[Result "1/2-1/2"]
[WhiteElo "2575"]
[BlackElo "2420"]

1.d4 d5 2.c4 c6 3.Nf3 Nf6 4.Nc3 dxc4 5.a4 Bf5 6.e3 e6 7.Bxc4 Bb4 8.O-O Nbd7
9.Qe2 Bg6 10.e4 Bxc3 11.bxc3 Nxe4 12.Ba3 Qc7 13.Rfc1 O-O-O 14.a5 Kb8 15.Qe3 Nd6
16.Bf1 Rhe8 17.Nh4 e5 18.Nxg6 hxg6 19.Qf3 e4 20.Qd1 Nf5 21.Qb3 Nf6 22.Rcb1 Ka8
23.Qb6 Qb8 24.Bc1 e3 25.Bxe3 Nxe3 26.fxe3 Rxe3 27.Qb2 Ng4 28.g3 Rxg3+ 29.Bg2 Re3
30.h3 Qh2+ 31.Kf1 Qf4+ 32.Kg1 Qh2+ 33.Kf1 Qf4+  1/2-1/2

[Event "Ch-Kaissa Club"]
[Site "Kharkov UKR"]
[Date "2001.04.18"]
[Round "1"]
[White "Kalinski,I"]
[Black "Tsepotan,A"]
[Result "1/2-1/2"]
[WhiteElo "2240"]
[BlackElo "2416"]

1.d4 d5 2.c4 c6 3.Nc3 Nf6 4.Nf3 dxc4 5.a4 Bf5 6.Ne5 Nbd7 7.Nxc4 Qc7 8.g3 e5
9.dxe5 Nxe5 10.Bf4 Nfd7 11.Bg2 f6 12.O-O Nc5 13.e4 Bg6 14.Qc2 Ne6 15.Ne2 Nxf4
16.Nxf4 Bf7  1/2-1/2

[Event "Classics GM"]
[Site "Gausdal NOR"]
[Date "2001.04.19"]
[Round "5"]
[White "Johannessen,LE"]
[Black "Hanley,C"]
[Result "1-0"]
[WhiteElo "2407"]
[BlackElo "2306"]

1.d4 d5 2.c4 c6 3.Nf3 Nf6 4.Nc3 dxc4 5.a4 Bf5 6.Ne5 Nbd7 7.Nxc4 Qc7 8.g3 e5
9.dxe5 Nxe5 10.Bf4 Nfd7 11.Bg2 f6 12.O-O Nc5 13.Ne3 Bg6 14.b4 Ne6 15.b5 Rd8
16.Qb3 Nd4 17.Qa2 Bf7 18.Qb2 Qa5 19.Ncd5 Bc5 20.Bxe5 Bxd5 21.Bxd5 fxe5 22.bxc6 bxc6
23.Bc4 Qb6 24.Qa2 Rf8 25.a5 Qb8 26.Rab1 Qd6 27.Rb7 Rd7 28.Qb1 g6 29.Kg2 Rxb7
30.Qxb7 Qe7 31.Rb1 Qxb7 32.Rxb7 h5 33.Bd3 Rf6 34.Nc4 Nxe2 35.f3 Nd4 36.Nxe5 Kd8
37.Nd7 Rd6 38.Nxc5 Rd5 39.Ne4 Rxa5 40.Rb2  1-0

[Event "ch-City"]
[Site "St Petersburg RUS"]
[Date "2001.04.19"]
[Round "9"]
[White "Lugovoi,A"]
[Black "Popov,Val"]
[Result "0-1"]
[WhiteElo "2512"]
[BlackElo "2545"]

1.d4 d5 2.c4 c6 3.Nf3 Nf6 4.Nc3 dxc4 5.a4 Bf5 6.Ne5 e6 7.f3 Bb4 8.Nxc4 Nd5
9.Bd2 Nb6 10.e4 Bg6 11.Be3 N8d7 12.Qb3 a5 13.Nxb6 Qxb6 14.Kf2 Qc7 15.Rc1 O-O
16.h4 h6 17.g4 Kh8 18.g5 h5 19.Ne2 e5 20.Bh3 exd4 21.Nxd4 Nc5 22.Qc2 Rad8
23.Rcd1 Qe5 24.Bg2 f6 25.gxf6 Rxf6 26.Ke2 Qg3 27.Rhg1 Rdf8 28.Bh1 Qh2+ 29.Rg2 Qh3
30.Rf2 Qxh4 31.Rdf1 Bh7 32.Qc1 R6f7 33.Bg2 Qg3 34.Bh1 Nxa4 35.Ne6 Re8 36.Ng5 Rff8
37.Qc2 b5 38.f4 Bg8 39.Rf3 Qg4 40.e5 Bc4+ 41.Kf2 Qf5 42.Rc1 Nc5 43.Kg1 Qxc2
44.Rxc2 Nd3 45.Rh2 g6 46.e6 Bc5 47.Bxc5 Nxc5 48.f5 Rxf5 49.Rxf5 gxf5 50.Bxc6 Re7
51.Nf3 Kg7 52.Nd4 Kg6 53.Rg2+ Kf6 54.Rf2 Bxe6 55.Bxb5 Ne4 56.Rc2 Bd5 57.Bc6 Bxc6
58.Rxc6+ Kg5 59.Ra6 Rd7 60.Nf3+ Kf4 61.Nh4 Kg4 62.Ng2 Ng5 63.Ne3+ Kf4 64.Nf1 Nf3+
65.Kg2 Rg7+ 66.Kf2 Rb7 67.Ng3 Rxb2+ 68.Ne2+ Kg4 69.Ke3 f4+  0-1

[Event "Classics GM"]
[Site "Gausdal NOR"]
[Date "2001.04.20"]
[Round "7"]
[White "Tikkanen,H"]
[Black "Hanley,C"]
[Result "1/2-1/2"]
[WhiteElo "2274"]
[BlackElo "2306"]

1.d4 d5 2.c4 c6 3.Nf3 Nf6 4.Nc3 dxc4 5.a4 Bf5 6.e3 e6 7.Bxc4 Bb4 8.O-O O-O
9.Nh4 Nbd7 10.f3 Bg6 11.Nxg6 hxg6 12.e4 e5 13.Be3 Qb6 14.Kh1 Rad8 15.Ne2 a5
16.Qb3 exd4 17.Nxd4 Bc5 18.Rfd1 Ne5 19.Qxb6 Bxb6 20.Be2 Rfe8 21.Nc2 Ned7
22.Bxb6 Nxb6 23.b3 Nfd7 24.Ne3 Nc5 25.Nc4 Nxc4 26.Bxc4 Kf8 27.Kg1 Ke7 28.h4 Ne6
29.Kf2 Nd4 30.Rd3 Rd7 31.Rad1 Red8 32.g3 b5 33.axb5 cxb5 34.Bd5 Nc6 35.Rc3 Nb4
36.Ra1 Ra7 37.Rd1 a4 38.bxa4 bxa4 39.Ra3 Nxd5 40.exd5 Kd6 41.Rd4 Rda8 42.Ke3 Ra5
43.Ke4 R8a7 44.Ke3 Ra8 45.Ke4 R8a7  1/2-1/2

[Event "TSGM"]
[Site "Belgrade YUG"]
[Date "2001.04.21"]
[Round "1"]
[White "Zivanic,M"]
[Black "Matulovic,M"]
[Result "1/2-1/2"]
[WhiteElo "2403"]
[BlackElo "2420"]

1.d4 d5 2.c4 dxc4 3.Nf3 Nf6 4.Nc3 c6 5.a4 Bf5 6.e3 e6 7.Bxc4 Bb4 8.O-O Nbd7
9.Nh4 O-O 10.Nxf5 exf5 11.Qc2 g6 12.b3 a5 13.Bb2 Nb6 14.Rad1 Nbd5 15.Ne2 Re8
16.Nc1 Bd6 17.h3 f4 18.exf4 Nxf4 19.Nd3 Re2 20.Qb1 Nxd3 21.Bxd3 Re7 22.Bc4 Nd5
23.Qd3 Bb4  1/2-1/2

[Event "Classics IMA"]
[Site "Gausdal NOR"]
[Date "2001.04.21"]
[Round "8"]
[White "Vegh,E"]
[Black "Kvisvik,B"]
[Result "1-0"]
[WhiteElo "2305"]
[BlackElo "2106"]

1.d4 d5 2.c4 c6 3.Nf3 Nf6 4.Nc3 dxc4 5.a4 Bf5 6.Ne5 e6 7.f3 c5 8.e4 cxd4
9.exf5 Bb4 10.fxe6 fxe6 11.Bxc4 Qb6 12.Bb5+ Nc6 13.Nd3 O-O-O 14.Nxb4 Nxb4
15.Na2 Nxa2 16.Rxa2 Nd5 17.O-O Ne3 18.Bxe3 dxe3 19.Qc2+ Kb8 20.Re1 Rd2 21.Qe4 Rc8
22.Qe5+ Ka8 23.a5 Qc5 24.Qxc5 Rxc5 25.Bf1 Rcc2 26.Rxe3 Rc1 27.f4  1-0

[Event "Zone 3.2a"]
[Site "Manila PHI"]
[Date "2001.04.24"]
[Round "1"]
[White "Dao Thien Hai"]
[Black "Kosasih,C"]
[Result "1-0"]
[WhiteElo "2564"]
[BlackElo "2420"]

1.d4 d5 2.c4 c6 3.Nf3 Nf6 4.Nc3 dxc4 5.a4 Bf5 6.Ne5 Nbd7 7.Nxc4 e6 8.f3 Bb4
9.e4 Bg6 10.Be2 O-O 11.O-O Qc7 12.Be3 Rfd8 13.Qb3 Be7 14.Kh1 h6 15.Rac1 Rac8
16.g3 Qb8 17.Bf4 Qa8 18.g4 Nf8 19.Rcd1 h5 20.g5 Ne8 21.h4 b6 22.Bg3 Qb7 23.Kh2 Nd6
24.Ne3 Rd7 25.Rd2 Rcd8 26.Rfd1 Ne8 27.Nc4 Bd6 28.Nxd6 Nxd6 29.Bf1 Nc8 30.Nb1 Ne7
31.Qe3 c5 32.dxc5 bxc5 33.Qxc5 Rxd2+ 34.Rxd2 Rxd2+ 35.Nxd2 Qxb2 36.Bf4 Qb7
37.a5 f6 38.a6 Qd7 39.Bb5 Qd8 40.Qxa7 e5 41.Be3 Nc8 42.Qb8  1-0

[Event "Ch-Kaissa Club"]
[Site "Kharkov UKR"]
[Date "2001.04.27"]
[Round "10"]
[White "Iljin,S"]
[Black "Tsepotan,A"]
[Result "1-0"]
[WhiteElo "2384"]
[BlackElo "2416"]

1.d4 d5 2.c4 c6 3.Nf3 Nf6 4.Nc3 dxc4 5.a4 Bf5 6.g3 Nbd7 7.Bg2 e6 8.O-O a5
9.Nh4 Bg4 10.h3 Bh5 11.g4 Nd5 12.e4 Nxc3 13.bxc3 Qxh4 14.gxh5 Nf6 15.Rb1 Rb8
16.Qf3 Nxh5 17.Qg4 Be7 18.Bf3 g6 19.Qxh4 Bxh4 20.Bxh5 gxh5 21.Bf4 Ra8 22.Rxb7 O-O
23.Bd6 Rfd8 24.e5 f5 25.Kg2 Kh8 26.Kf3 Rg8 27.Rfb1 Bg5 28.R1b6 Rac8 29.Ra6 Rg7
30.Rxg7 Kxg7 31.Rxa5 Bd2 32.Bb4 Bg5 33.Ra7+ Kg6 34.a5 Bd8 35.a6 Rb8 36.Rb7  1-0

[Event "Bank Pocztowy Open A"]
[Site "Bydgoszcz POL"]
[Date "2001.05.04"]
[Round "7"]
[White "Zontakh,A"]
[Black "Lagowski,P"]
[Result "1-0"]
[WhiteElo "2532"]
[BlackElo "2328"]

1.d4 d5 2.c4 c6 3.Nf3 Nf6 4.Nc3 dxc4 5.a4 Bf5 6.e3 e6 7.Bxc4 Nbd7 8.O-O Be7
9.Qe2 Ne4 10.Bd3 Ndf6 11.Qc2 Nxc3 12.bxc3 Bxd3 13.Qxd3 O-O 14.e4 c5 15.Bf4 Rc8
16.Rfd1 Qa5 17.Bd2 Qc7 18.Qe2 cxd4 19.cxd4 Qc2 20.Re1 Rfd8 21.a5 Qc4 22.Qxc4 Rxc4
23.Rab1 Rc7 24.Bf4 Rcd7 25.Ne5 Rxd4 26.a6 bxa6 27.Nc6 R4d7 28.Nxd8 Rxd8 29.Rb8 Kf8
30.Kf1 Ke8 31.f3 Nd7 32.Rxd8+ Kxd8 33.Ra1 Kc8 34.Rc1+ Kd8 35.Bc7+ Ke8 36.Ra1 Nc5
37.Bb8 Kd7 38.Bxa7 Kc6 39.Bxc5 Bxc5 40.Rxa6+ Kd7 41.Ra5 Bd4 42.Ke2 Ke7 43.Kd3 Bg1
44.h4 g6 45.g4 Kf6 46.h5 Kg7 47.Rb5 Bh2 48.Kd4 Bf4 49.Kc5 gxh5 50.gxh5 Kf6
51.Kc6 e5 52.Kd6 h6 53.Rb8 Kg5 54.Rg8+ Kxh5 55.Rg4 f6 56.Ke6 Bg5 57.Kf5 Bh4
58.Rg1 Bg5 59.Rh1+ Bh4 60.f4 exf4 61.Kxf4  1-0

[Event "Bank Pocztowy Open A"]
[Site "Bydgoszcz POL"]
[Date "2001.05.04"]
[Round "7"]
[White "Lutsko,I"]
[Black "Libov,G"]
[Result "1/2-1/2"]
[WhiteElo "2346"]
[BlackElo "2313"]

1.d4 d5 2.c4 c6 3.Nf3 Nf6 4.Nc3 dxc4 5.a4 Bf5 6.e3 e6 7.Bxc4 Bb4 8.O-O O-O
9.Qe2 Nbd7 10.e4 Bg6 11.Bd3 Bh5 12.e5 Nd5 13.Nxd5 cxd5 14.Qe3 h6 15.Ne1 f5
16.exf6 Qxf6 17.Bb5 Rf7 18.Nd3 Bd6 19.a5 a6 20.Ba4 Bg6 21.f4 Be4 22.Nf2 Bh7
23.Re1 Nf8 24.g3 Qf5 25.Bd2 Rc8 26.Bd1 h5 27.Bc3 Re8 28.Be2 h4 29.Bg4 Qf6
30.Bh5 Bg6 31.Bf3 Qf5 32.Kg2 Bh7 33.Nh3 Be7 34.Qe2 hxg3 35.hxg3 Bf6 36.Rac1 Rd8
37.Nf2 g5 38.Bh5 Rg7 39.Bg4 Qg6 40.f5 exf5 41.Bh5 Qh6 42.Rh1 Re7 43.Bf7+ Kh8
44.Rxh6 Rxe2 45.Rxf6 Kg7 46.Rb6 Kxf7 47.Rxb7+ Rd7 48.Rxd7+ Nxd7 49.Kf3 Re6
50.Bb4 Bg6 51.Rc7 Ke8 52.Rc8+ Kf7 53.Bd2 Bh5+ 54.Kg2 f4 55.gxf4 Re2 56.Bc1 Nf6
57.Kf1 gxf4 58.Rc7+ Ke8 59.Bxf4 Rxb2 60.Bg5 Ng4 61.Nxg4 Bxg4 62.Re7+ Kf8
63.Re5 Rb5 64.Bd8  1/2-1/2

[Event "TCh-YUG Women"]
[Site "Herceg Novi YUG"]
[Date "2001.05.17"]
[Round "4"]
[White "Matveeva,S"]
[Black "Zhukova,N"]
[Result "1-0"]
[WhiteElo "2430"]
[BlackElo "2463"]

1.d4 d5 2.c4 c6 3.Nf3 Nf6 4.Nc3 dxc4 5.a4 Bf5 6.Nh4 Bd7 7.g3 Qa5 8.Bd2 e5
9.dxe5 Qxe5 10.e4 Bc5 11.Bg2 O-O 12.Qe2 Na6 13.O-O Rad8 14.Kh1 Nb4 15.Qxc4 Be6
16.Qe2 Nd3 17.f4 Qd4 18.Be1 Bc4 19.Nf5 Qd7 20.Bh3 Qe8 21.Qg2 Nb4 22.e5 Bxf1
23.Qxf1 Nd7 24.Qe2 g6 25.Ne4 Nd5 26.Ned6 Bxd6 27.Nxd6 Qe7 28.Nxb7 Rb8 29.Nd6 f6
30.Nc4 fxe5 31.fxe5 Nc5 32.Bg2 Ne6 33.Rd1 Qc5 34.Na5 Ne3 35.b4 Qc2 36.Rd2 Qc1
37.Qxe3 Rxb4 38.Re2 Qxe3 39.Rxe3 Rb1 40.Nxc6 Nc5 41.Bd5+ Kg7 42.Kg2 Rd1 43.Bf3 Rd3
44.Rxd3 Nxd3 45.Bc3 Re8 46.e6+ Kh6 47.e7  1-0

[Event "TCh-YUG Women"]
[Site "Herceg Novi YUG"]
[Date "2001.05.21"]
[Round "8"]
[White "Djuric,Ve"]
[Black "Popovic,J"]
[Result "1/2-1/2"]
[WhiteElo "2011"]
[BlackElo "2016"]

1.d4 d5 2.Nf3 Nf6 3.c4 c6 4.Nc3 dxc4 5.a4 Bf5 6.Ne5 e6 7.f3 Bb4 8.e4 Bxe4
9.fxe4 Nxe4 10.Bd2 Qxd4 11.Nxe4 Qxe4+ 12.Qe2 Bxd2+ 13.Kxd2 Qd5+ 14.Kc3 O-O
15.a5 Na6 16.Nxc4 Rfd8 17.Qe5 f6 18.Qf4 Nc5 19.Be2 b5 20.axb6 axb6 21.Rxa8 Rxa8
22.Rd1 Qxg2 23.Bf3 Na4+ 24.Kb3 Nc5+ 25.Kc3 Na4+ 26.Kb3 Nc5+  1/2-1/2

[Event "Open"]
[Site "Pula CRO"]
[Date "2001.05.22"]
[Round "5"]
[White "Cebalo,M"]
[Black "Glavas,D"]
[Result "1-0"]
[WhiteElo "2465"]
[BlackElo "2274"]

1.d4 d5 2.c4 c6 3.Nf3 Nf6 4.Nc3 dxc4 5.a4 Bf5 6.e3 e6 7.Bxc4 Bb4 8.O-O Nbd7
9.Nh4 O-O 10.f3 Rc8 11.e4 c5 12.Na2 cxd4 13.Bd3 Be7 14.exf5 Nd5 15.fxe6 fxe6
16.Qe2 Nc5 17.g3 Bxh4 18.gxh4 Qxh4 19.Bd2 Rf6 20.Rac1 Rc6 21.Bb5 Nb3 22.Bxc6 Nxc1
23.Nxc1 bxc6 24.Nd3 Qh3 25.Ne5 c5 26.Rf2 Rf5 27.Nd3 c4 28.Qxe6+ Kf8 29.Qd6+ Kg8
30.Ne5 Ne3 31.Qe6+ Kf8 32.Nd7+  1-0

[Event "TCh-NOR Final"]
[Site "Langesund NOR"]
[Date "2001.05.23"]
[Round "1"]
[White "Harestad,H"]
[Black "Hole,O"]
[Result "0-1"]
[WhiteElo "2196"]
[BlackElo "2245"]

1.d4 d5 2.c4 c6 3.Nf3 Nf6 4.Nc3 dxc4 5.a4 Bf5 6.e3 e6 7.Bxc4 Bb4 8.O-O O-O
9.Qe2 Bg6 10.Ne5 Nbd7 11.Nxg6 hxg6 12.e4 Nb6 13.e5 Qxd4 14.exf6 Qxc4 15.fxg7 Kxg7
16.Qe5+ f6 17.Qe3 Rh8 18.Ne4 Rh4 19.Ng3 e5 20.Rd1 Nd5 21.Qf3 Rd4 22.Be3 Rxd1+
23.Rxd1 a5 24.b3 Qc2 25.Rc1 Qb2 26.Qd1 Nxe3 27.fxe3 Qd2 28.Nf1 Qxd1 29.Rxd1 Re8
30.Rd7+ Re7 31.Rd8 Kf7 32.Kf2 Ke6 33.Rg8 g5 34.g4 Rd7 35.Ke2 Kd5 36.Ng3 b5
37.axb5 cxb5 38.Rb8 Kc6 39.Ne4 Rh7 40.Nxf6 Rxh2+ 41.Kf3 Rb2 42.Rc8+ Kb7 43.Re8 Rxb3
44.Rxe5 Bc3 45.Re7+ Kc6 46.Re6+ Kc5 47.Ne4+ Kb4 48.Nxg5 a4 49.Ra6 Bd4 50.Ne6 Rxe3+
51.Kf4 Rxe6 52.Rxe6 a3 53.Ke4 Bc3 54.Ra6 Kb3 55.Kd3 b4  0-1

[Event "XXVI Elekes Mem GM"]
[Site "Budapest HUN"]
[Date "2001.05.31"]
[Round "11"]
[White "Fogarasi,T"]
[Black "Anka,E"]
[Result "1/2-1/2"]
[WhiteElo "2446"]
[BlackElo "2425"]

1.d4 d5 2.c4 c6 3.Nf3 Nf6 4.Nc3 dxc4 5.a4 Bf5 6.Ne5 e6 7.f3 Bb4 8.Bg5 O-O
9.e4 Bg6 10.Nxc4 c5 11.dxc5 Qxd1+ 12.Rxd1 Nbd7  1/2-1/2

[Event "IHEM"]
[Site "Hamburg GER"]
[Date "2001.06.05"]
[Round "4"]
[White "Rausis,I"]
[Black "Hector,J"]
[Result "0-1"]
[WhiteElo "2500"]
[BlackElo "2546"]

1.d4 d5 2.c4 c6 3.Nf3 Nf6 4.Nc3 dxc4 5.a4 Bf5 6.Nh4 e6 7.Nxf5 exf5 8.Bg5 Nbd7
9.e3 Qa5 10.Bxf6 Nxf6 11.Bxc4 Bd6 12.O-O O-O 13.Qb3 Qc7 14.h3 a5 15.Rad1 Rad8
16.Rfe1 Rfe8 17.d5 c5 18.Qc2 g6 19.e4 f4 20.Nb5 Qb8 21.f3 Be5 22.d6 b6 23.Qb3 Rf8
24.Rd3 Kg7 25.Red1 Rd7 26.R1d2 h5 27.Kf1 Ne8 28.Rd5 Nxd6 29.Nxd6 Rxd6 30.Rxd6 Bxd6
31.Rd5 Kh6 32.Qc3 f6 33.Qb3 Be5 34.Qb5 Rd8 35.b3 Rxd5 36.Bxd5 Bd4 37.h4 Be3
38.Qd7 Qe5 39.Bg8 Qa1+ 40.Ke2 Qb2+ 41.Kd1 Qc1+ 42.Ke2 Qc2+ 43.Ke1 Qf2+ 44.Kd1 Qf1+
45.Kc2  0-1

[Event "IHEM"]
[Site "Hamburg GER"]
[Date "2001.06.07"]
[Round "6"]
[White "Rogozenko,D"]
[Black "Hector,J"]
[Result "0-1"]
[WhiteElo "2537"]
[BlackElo "2546"]

1.d4 d5 2.c4 c6 3.Nf3 Nf6 4.Nc3 dxc4 5.a4 Bf5 6.Ne5 Nbd7 7.Nxc4 Qc7 8.g3 e5
9.dxe5 Nxe5 10.Bf4 Nfd7 11.Bg2 f6 12.O-O Nc5 13.Ne3 Be6 14.b4 Rd8 15.Qc2 Na6
16.b5 Nb4 17.Qe4 Bc5 18.bxc6 bxc6 19.Nc4 Bd4 20.Nxe5 fxe5 21.Rac1 O-O 22.Nb5 Qf7
23.Nxd4 exd4 24.Bg5 Rd7 25.Qh4 a5 26.Bd2 Bd5 27.Bh3 d3 28.e4 Be6 29.Bg2 Nc2
30.f4 Rd4 31.f5 Bd5 32.Rf4 Bb3 33.Rcf1 Rxa4 34.e5 Rxf4 35.Qxf4 Bd5 36.Qf2 Bxg2
37.e6 Qf6 38.Kxg2 Qe5 39.g4 a4 40.Bf4 Qe4+ 41.Kg3 a3 42.Qa7 d2 43.Qd7 Ne3
44.Bxe3 Qxe3+ 45.Kg2 Qe2+ 46.Kg1 Qxg4+ 47.Kh1 Qe4+ 48.Kg1 Qd5 49.Rd1 Qxf5
50.Qxd2 Qg4+ 51.Kh1 Qxe6 52.Ra1 Qb3 53.Kg1 Rb8 54.Qd6 a2 55.Qe5 Qb1+  0-1

[Event "IHEM"]
[Site "Hamburg GER"]
[Date "2001.06.09"]
[Round "8"]
[White "Siebrecht,S"]
[Black "Langrock,H"]
[Result "1-0"]
[WhiteElo "2393"]
[BlackElo "2261"]

1.d4 d5 2.Nf3 Nf6 3.c4 c6 4.Nc3 dxc4 5.a4 Bf5 6.e3 e6 7.Bxc4 Bb4 8.O-O O-O
9.Qe2 Bg6 10.Ne5 Nbd7 11.Nxg6 hxg6 12.Bd2 a5 13.Rad1 e5 14.Qd3 exd4 15.exd4 Nb6
16.Bb3 Nbd5 17.Bg5 Qd7 18.Bxf6 gxf6 19.Nxd5 cxd5 20.Qf3 Rad8 21.Qxf6 Rfe8
22.Rd3 Qe7 23.Qxe7 Rxe7 24.Re3 Kf8 25.Rd1 Re4 26.Kf1 Ke7 27.Ke2 Rxe3+ 28.fxe3 f5
29.h3 Kf6 30.Rc1 Rd7 31.Rc8 Be7 32.Kf3 Bb4 33.g4 fxg4+ 34.hxg4 Be7 35.Rg8 Kf7
36.Ra8 Bd8 37.e4 Ke6 38.Bxd5+ Ke7 39.Rb8 Bb6 40.Ke3 g5 41.Rxb7  1-0

[Event "White Nights"]
[Site "St Petersburg RUS"]
[Date "2001.06.11"]
[Round "3"]
[White "Grachev,B"]
[Black "Kuporosov,V"]
[Result "1/2-1/2"]
[WhiteElo "2360"]
[BlackElo "2466"]

1.d4 d5 2.c4 c6 3.Nf3 Nf6 4.Nc3 dxc4 5.a4 Bf5 6.Nh4 e6 7.Nxf5 exf5 8.e3 Bb4
9.Bxc4 O-O 10.O-O Nbd7 11.Qc2 g6 12.f3 a5 13.Kh1 Nh5 14.Qf2 Ndf6 15.e4 fxe4
16.Nxe4 Nd5 17.Bg5 Be7 18.Bxe7 Qxe7 19.Rfe1 Rfe8  1/2-1/2

[Event "Hotel Lippa IM"]
[Site "Szentgotthard HUN"]
[Date "2001.06.20"]
[Round "8"]
[White "Titz,Hei"]
[Black "Krizsany,L"]
[Result "1/2-1/2"]
[WhiteElo "2301"]
[BlackElo "2456"]

1.d4 d5 2.Nf3 c6 3.c4 Nf6 4.Nc3 dxc4 5.a4 Bf5 6.e3 e6 7.Bxc4 Bb4 8.O-O O-O
9.Qe2 Bg6 10.Rd1 Nbd7  1/2-1/2

[Event "1st Asean Open"]
[Site "Bandar Seri Begawan BRU"]
[Date "2001.07.02"]
[Round "8"]
[White "Irwanto"]
[Black "Juswanto,D"]
[Result "0-1"]
[WhiteElo "2331"]
[BlackElo "2513"]

1.d4 d5 2.Nf3 Nf6 3.c4 c6 4.Nc3 dxc4 5.a4 Bf5 6.e3 e6 7.Bxc4 Bb4 8.O-O O-O
9.h3 Nbd7 10.Nh4 Bg6 11.Nxg6 hxg6 12.Bd2 Qe7 13.Qb3 a5 14.Nb1 e5 15.Bxb4 axb4
16.Nd2 Ra5 17.Qc2 e4 18.Be2 Nb6 19.b3 g5 20.Rfc1 Re8 21.Nc4 Nxc4 22.bxc4 g4
23.hxg4 Rg5 24.d5 cxd5 25.cxd5 Nxd5 26.Bb5 Rd8 27.Qc5 Qf6 28.Rd1 Qe6 29.Be2 Rc8
30.Qb5 b6 31.Rac1 Rxc1 32.Rxc1 Nc3 33.Qxg5 Nxe2+ 34.Kf1 Nxc1  0-1

[Event "Open"]
[Site "Batumi GEO"]
[Date "2001.07.02"]
[Round "6"]
[White "Sturua,Z"]
[Black "Shanava,K"]
[Result "1/2-1/2"]
[WhiteElo "2600"]
[BlackElo "2281"]

1.d4 d5 2.c4 c6 3.Nf3 Nf6 4.Nc3 dxc4 5.a4 Bf5 6.e3 e6 7.Bxc4 Bb4 8.O-O O-O
9.Nh4 Bg4 10.f3 Bh5 11.g4 Bg6 12.Nxg6 hxg6 13.e4 Nbd7 14.Be3 e5 15.dxe5 Nxe5
16.Be2 Qa5 17.Kh1 Bxc3 18.bxc3 Qxc3 19.Bd4 Qa5 20.g5 Nh5 21.Be3 Qc3 22.Qc1 Qxc1
23.Raxc1 Rfe8 24.Kg2 Rad8 25.Rc3 f6 26.h4 f5 27.a5 f4 28.Bxa7 Ng3 29.Rf2 Kh7
30.Bc4 Rd1 31.Bb3 Rd7 32.Bc2 Red8 33.Bb6 Re8 34.Kh3 Re6 35.Rc5 Nf7 36.Bb3 Ree7
37.Bxf7 Rxf7 38.Rcc2 Rd3 39.Kg4 Nxe4 40.Rfe2 Ng3 41.Re8 Nf5 42.a6 bxa6 43.Rxc6 Re7
44.Rf8 Nd6 45.Bc5 Nf7 46.Rcc8 Red7 47.Kxf4 a5 48.Ke4 Rc3 49.f4 Nd6+ 50.Bxd6 Rxc8
51.Rxc8 Rxd6 52.Ra8 Rd1 53.Rxa5 Rh1  1/2-1/2

[Event "Open"]
[Site "Batumi GEO"]
[Date "2001.07.02"]
[Round "6"]
[White "Bagaturov,G"]
[Black "Gagunashvili,M"]
[Result "1/2-1/2"]
[WhiteElo "2521"]
[BlackElo "2414"]

1.d4 d5 2.c4 c6 3.Nf3 Nf6 4.Nc3 dxc4 5.a4 Bf5 6.e3 e6 7.Bxc4 Bb4 8.O-O O-O
9.Nh4 Nbd7 10.h3 Bg6 11.Nxg6 hxg6 12.Qb3 Qb6 13.Rd1 Rfd8 14.Bd2 a5 15.Be1 Rac8
16.Rac1 c5 17.d5 exd5 18.Nxd5 Nxd5 19.Bxd5 Ne5 20.Bxb4 axb4 21.Qc2 c4 22.Qe4 Re8
23.Qd4 Qxd4 24.Rxd4 c3 25.bxc3 Rxc3 26.Rb1 Nc6 27.Bxc6 bxc6 28.Rdxb4 Ra3
29.Rc1 Ra8 30.Rxc6 R3xa4 31.Rxa4 Rxa4 32.Rc8+ Kh7 33.Rc7 f6 34.Kh2 g5 35.Kg3 Kg6
36.Kf3 Ra2 37.g4 Rb2 38.Kg3 Ra2 39.Rb7 Rc2 40.Re7 Rc3 41.h4 gxh4+ 42.Kxh4 Kh6
43.f4 g5+ 44.fxg5+ fxg5+ 45.Kg3 Kg6 46.Re6+ Kf7 47.Re5 Kf6 48.Rf5+ Kg6 49.Kf3 Ra3
50.Rd5 Ra6 51.Ke4 Kf6 52.Rf5+ Kg6 53.Rc5 Ra4+ 54.Kf3 Kf6 55.Rc6+ Kf7 56.Rd6 Rb4
57.Rd4 Rb6 58.Rd5 Kf6 59.Ke4 Rb4+ 60.Rd4 Rb6 61.Kd5 Rb5+ 62.Ke4 Rb6 63.Rc4 Re6+
64.Kd3 Rd6+ 65.Rd4 Ra6 66.Rb4 Rd6+ 67.Ke4 Re6+ 68.Kd4 Rd6+ 69.Kc5 Rd3 70.Re4 Rc3+
71.Kb4 Rc1  1/2-1/2

[Event "Tan Lian Ann cup"]
[Site "Tianjin CHN"]
[Date "2001.07.03"]
[Round "20"]
[White "Chan Peng Kong"]
[Black "Chi Fengtong"]
[Result "1-0"]
[WhiteElo "2393"]
[BlackElo "2275"]

1.d4 d5 2.c4 c6 3.Nf3 Nf6 4.Nc3 dxc4 5.a4 Bf5 6.e3 e6 7.Bxc4 Bb4 8.O-O O-O
9.Nh4 Bg6 10.Nxg6 hxg6 11.Qb3 Qe7 12.Rd1 Nbd7 13.Na2 Bd6 14.h3 Nb6 15.Bf1 e5
16.Nc3 exd4 17.exd4 Nbd5 18.Bg5 Qd7 19.Bd3 Nf4 20.Bxf4 Bxf4 21.Bxg6 Nd5 22.Bd3 Bc7
23.Nxd5 cxd5 24.Rac1 Qd6 25.g3 Bb6 26.Bf1 Rac8 27.Rc3 Rxc3 28.Qxc3 Qc6 29.Qb3 Rc8
30.Bg2 Rd8 31.h4 Qc4 32.Qxc4 dxc4 33.d5 Ba5 34.d6 c3 35.bxc3 Bxc3 36.Bxb7 Kf8
37.Bc6 Bb4 38.d7 Ke7 39.Kg2 Rb8 40.Rd4 Kd8 41.h5 Be7 42.Bb5 Rb7 43.Rf4 f6
44.Rg4 Bf8 45.h6  1-0

[Event "6th Leg Russian Cup"]
[Site "Tomsk RUS"]
[Date "2001.07.05"]
[Round "6"]
[White "Ovetchkin,R"]
[Black "Akselrod,V"]
[Result "1/2-1/2"]
[WhiteElo "2497"]
[BlackElo "2436"]

1.Nf3 d5 2.d4 c6 3.c4 Nf6 4.Nc3 dxc4 5.a4 Bf5 6.Ne5 Nbd7 7.Nxc4 Qc7 8.Bg5 Ne4
9.Nxe4 Bxe4 10.f3 Bg6 11.Qb3 f6 12.Bd2 Bf7 13.e3 e5 14.Bd3 Rb8 15.Qc2 Bd6
16.Nxd6+ Qxd6 17.Bc3 exd4 18.exd4 g6 19.O-O O-O 20.a5 Rfe8 21.Rfe1 Nf8 22.Qf2 Bd5
23.Qh4 Kf7 24.Bd2 Rxe1+ 25.Rxe1 Re8 26.Rxe8 Kxe8 27.a6 b6 28.Qe1+ Ne6 29.Qh4 Qe7
30.Kf2 Kd8 31.Qg3 Kc8 32.Bc3 Qc7 33.h4 Nf4 34.Bf1 Be6 35.Bd2 Nd5 36.Qxc7+ Nxc7
37.Bb4 b5 38.Bc5 Nxa6 39.Bxa7 Bc4 40.Bxc4 bxc4 41.Bb6 Nb4 42.Ba5 Nd5 43.Bd2 Kb7
44.Ke2 Ka6 45.Kd1 Kb5 46.Kc2 Ka4 47.Bh6 Kb4 48.Bd2+ Ka4 49.Bh6 f5 50.g4 f4
51.h5 Kb4 52.Bf8+ Kb5 53.hxg6 hxg6 54.Bd6 Ne3+ 55.Kd2 Nd5 56.Kc2 Ka4 57.Be5  1/2-1/2

[Event "Open"]
[Site "Andorra AND"]
[Date "2001.07.06"]
[Round "7"]
[White "Gyimesi,Z"]
[Black "Cheparinov,I"]
[Result "1-0"]
[WhiteElo "2571"]
[BlackElo "2444"]

1.d4 d5 2.c4 c6 3.Nf3 Nf6 4.Nc3 dxc4 5.a4 Bf5 6.Ne5 Nbd7 7.Nxc4 Nd5 8.g3 e5
9.Bg2 Nb4 10.e4 Be6 11.d5 cxd5 12.Nxd5 Nc5 13.O-O Nxe4 14.Bxe4 Bxd5 15.Bxd5 Qxd5
16.Qxd5 Nxd5 17.Rd1 Rd8 18.Nxe5 f6 19.Nc4 Bb4 20.Ne3 Nxe3 21.Bxe3 Rxd1+ 22.Rxd1 b6
23.Kf1 Ke7 24.Rc1 Kd7 25.Ke2 Be7 26.Kd3 Rd8 27.Kc4 Rc8+ 28.Kd5 Rxc1 29.Bxc1 Bc5
30.Be3 Bd6 31.Bd4 Be7 32.g4 Bf8 33.h3 Be7 34.f4 Bd6 35.f5 Bf8 36.Bc3 h6 37.b4 Bd6
38.b5 Be7 39.Be1 Bd6 40.Bd2  1-0

[Event "Open"]
[Site "Karvina CZE"]
[Date "2001.07.06"]
[Round "7"]
[White "Frolik,M"]
[Black "Matras,A"]
[Result "1-0"]
[WhiteElo "2292"]
[BlackElo "2220"]

1.d4 d5 2.c4 c6 3.Nf3 Nf6 4.Nc3 dxc4 5.a4 Bf5 6.e3 e6 7.Bxc4 Bb4 8.O-O Nbd7
9.Qe2 Bg4 10.h3 Bxf3 11.Qxf3 O-O 12.Rd1 Rc8 13.Ba2 Qa5 14.Bd2 Rfd8 15.g4 h6
16.h4 Nf8 17.Be1 Ng6 18.Qg3 Bd6 19.f4 Qc7 20.Qf3 a6 21.g5 hxg5 22.hxg5 Nd5
23.Nxd5 cxd5 24.Bb1 Qb6 25.Qh3 Be7 26.Bc3 Rc6 27.a5 Qc7 28.Bd3 Rc8 29.Rd2 Qd8
30.Rh2 Qe8 31.Qh7+  1-0

[Event "Open"]
[Site "Karvina CZE"]
[Date "2001.07.08"]
[Round "9"]
[White "Sobek,J"]
[Black "Zilka,S"]
[Result "1/2-1/2"]
[WhiteElo "2282"]
[BlackElo "2172"]

1.d4 d5 2.c4 c6 3.Nf3 Nf6 4.Nc3 dxc4 5.a4 Bf5 6.e3 e6 7.Bxc4 Bb4 8.O-O O-O
9.Nh4 Bg4 10.f3 Bh5 11.g4 Bg6 12.Ng2 Nbd7 13.e4 Ne8 14.Be3 Qe7 15.Nf4 e5
16.Nxg6 hxg6 17.d5 Bc5 18.Qe2 Bxe3+ 19.Qxe3 Nd6 20.Ba2 c5 21.Nb5 Rfe8 22.Nxd6 Qxd6
23.Rfc1 Qc7 24.Rc2 Rac8 25.Rac1 Rb8 26.Bc4 a6  1/2-1/2

[Event "Glorney Cup"]
[Site "Hyerois FRA"]
[Date "2001.07.09"]
[Round "3"]
[White "Govciyan,P"]
[Black "Hanley,C"]
[Result "1-0"]
[WhiteElo "2265"]
[BlackElo "2278"]

1.d4 d5 2.Nf3 Nf6 3.c4 c6 4.Nc3 dxc4 5.a4 Bf5 6.Ne5 Nbd7 7.Nxc4 Qc7 8.g3 e5
9.dxe5 Nxe5 10.Bf4 Nfd7 11.Bg2 f6 12.O-O Nc5 13.Ne3 Bg6 14.b4 Ne6 15.b5 Rd8
16.Qb3 Nd4 17.Qb2 Bc5 18.Rfc1 O-O 19.Ne4 Be7 20.Nd5 Rxd5 21.Nxf6+ gxf6 22.Bxd5+ Kg7
23.Qxd4 Qd7 24.bxc6 bxc6 25.Bxe5 fxe5 26.Qxe5+ Bf6 27.Bxc6 Qd8 28.Qd5 Qb6
29.a5  1-0

[Event "Open"]
[Site "Hyeres FRA"]
[Date "2001.07.13"]
[Round "9"]
[White "Maitesian,S"]
[Black "Boudre,JP"]
[Result "1/2-1/2"]
[WhiteElo "2198"]
[BlackElo "2372"]

1.d4 d5 2.c4 c6 3.Nf3 Nf6 4.Nc3 dxc4 5.a4 Bf5 6.e3 e6 7.Bxc4 Bb4 8.Qb3 Qe7
9.O-O O-O 10.Bd2 a5 11.Rfe1 Nbd7 12.e4 Bg6 13.e5 Nd5 14.Ne4 Bxd2 15.Nfxd2 Nb4
16.Rac1 Rfd8 17.Nd6 Nb6 18.Bf1 N6d5 19.g3 Rab8 20.h4 b6 21.N2e4 f5 22.Nc3 Bh5
23.Nxd5 cxd5 24.Qe3 h6 25.Rc3 Na2 26.Ra3 Nb4 27.Rc3 Na2 28.Ra3  1/2-1/2